India International Centre: Quarterly (Record no. 221122)
[ view plain ]
| 000 -LEADER | |
|---|---|
| fixed length control field | 00805nam a22002657a 4500 |
| 005 - DATE AND TIME OF LATEST TRANSACTION | |
| control field | 20220110095732.0 |
| 008 - FIXED-LENGTH DATA ELEMENTS--GENERAL INFORMATION | |
| fixed length control field | 220110b ||||| |||| 00| 0 eng d |
| 024 ## - OTHER STANDARD IDENTIFIER | |
| Qualifying information | 03769771 |
| 040 ## - CATALOGING SOURCE | |
| Transcribing agency | AL |
| 041 ## - LANGUAGE CODE | |
| Language code of text/sound track or separate title | eng |
| 082 ## - DEWEY DECIMAL CLASSIFICATION NUMBER | |
| Edition number | 23 |
| Classification number | 954.0505 |
| Item number | INDI |
| 100 ## - MAIN ENTRY--PERSONAL NAME | |
| Personal name | India International Centre |
| 100 ## - MAIN ENTRY--PERSONAL NAME | |
| 9 (RLIN) | 12735 |
| 245 ## - TITLE STATEMENT | |
| Title | India International Centre: Quarterly |
| 260 ## - PUBLICATION, DISTRIBUTION, ETC. | |
| Place of publication, distribution, etc. | New Delhi: |
| Name of publisher, distributor, etc. | India International Centre, |
| Date of publication, distribution, etc. | 1995, |
| 300 ## - PHYSICAL DESCRIPTION | |
| Extent | iv,228 p. |
| Other physical details | PB |
| Dimensions | 24x16 cm. |
| 650 ## - SUBJECT ADDED ENTRY--TOPICAL TERM | |
| Topical term or geographic name entry element | Cultrual Pluralism |
| 9 (RLIN) | 12726 |
| 650 ## - SUBJECT ADDED ENTRY--TOPICAL TERM | |
| Topical term or geographic name entry element | Politics in Kerala |
| 9 (RLIN) | 12727 |
| 650 ## - SUBJECT ADDED ENTRY--TOPICAL TERM | |
| Topical term or geographic name entry element | Cartoons |
| 9 (RLIN) | 12728 |
| 650 ## - SUBJECT ADDED ENTRY--TOPICAL TERM | |
| Topical term or geographic name entry element | Nangiar Koothu |
| 9 (RLIN) | 12729 |
| 650 ## - SUBJECT ADDED ENTRY--TOPICAL TERM | |
| Topical term or geographic name entry element | Teyyam |
| 9 (RLIN) | 12730 |
| 650 ## - SUBJECT ADDED ENTRY--TOPICAL TERM | |
| Topical term or geographic name entry element | Social Change in Kerala |
| 9 (RLIN) | 12731 |
| 650 ## - SUBJECT ADDED ENTRY--TOPICAL TERM | |
| Topical term or geographic name entry element | Woomen's Development in Kerala |
| 9 (RLIN) | 12732 |
| 700 ## - ADDED ENTRY--PERSONAL NAME | |
| Personal name | INDIA INTERNATIONAL CENTRE |
| 9 (RLIN) | 12733 |
| 942 ## - ADDED ENTRY ELEMENTS (KOHA) | |
| Source of classification or shelving scheme | Dewey Decimal Classification |
| Koha item type | George Fernandes Collections |
| Withdrawn status | Lost status | Source of classification or shelving scheme | Damaged status | Not for loan | Collection code | Home library | Current library | Date acquired | Total Checkouts | Full call number | Barcode | Date last seen | Price effective from | Koha item type |
|---|---|---|---|---|---|---|---|---|---|---|---|---|---|---|
| Dewey Decimal Classification | History | St Aloysius Library | St Aloysius Library | 03/24/2013 | 954.0505 INDI | GF00797 | 01/10/2022 | 01/10/2022 | George Fernandes Collections |